Un cumpleaños infantil /

Guardado en:
Autor Principal: Kuhnemann, Ursula
Formato: Libro
Publicado: Argentina : Kapelusz, 1978
Materias:
Etiquetas: Agregar Etiqueta
Sin Etiquetas, Sea el primero en etiquetar este registro!
LEADER 00464nam a22001695a 4500
001 CEM.cems003646
005 19000101000000.0
008 130507s1978##################000#0#####d
003 CEMS
082 0 4 |a 371.89 
100 1 |a Kuhnemann, Ursula 
245 1 0 |a Un cumpleaños infantil / 
260 |a Argentina :  |b Kapelusz,  |c 1978 
300 |a 76 p. 
653 |a Educacion preescolar 
653 |a Juegos infantiles 
859 |a CEMS  |b BIB. CEMS - 11 de abril  |h 371.89  |i K956  |p 8698.81  |t Ej.1